Responses for Show #4509 - Thursday, March 25, 2004

Contestants

[<< previous game]

Mike Smith, a litigation technology specialist from Washington, D.C.

Monica Shafer, an environmental scientist from San Antonio, Texas

Jack Rosenzweig, a government attorney from Honolulu, Hawaii (whose 2-day cash winnings total $50,801)

[next game >>]

Jeopardy! Round responses

THE WESTERN HEMISPHERE
BIRD, REPTILE OR FELINE
MIND YOUR MANNERS
PEABODY AWARD WINNERS
NOTABLE WOMEN
GERMAN WORDS & PHRASES
    $200 1
Voodoo

Jack
    $200 9
reptile

Mike
    $200 6
stand

Mike
    $200 26
The Simpsons

Monica
    $200 14
Harriet Tubman

Jack
    $200 16
Do you speak English?

Mike
    $400 2
(Monica: What is Jalisco?)
(Jack: What is caliente?)
(Mike: What is jalapeno?)

Tabasco

JackMonicaMike
Triple Stumper
    $400 10
feline

Mike
    $400 7
(Alex: I was thinking of a lot of other body parts, to tell the truth!)

your elbows

Mike
    $400 27
Hill Street Blues

Mike
    $400 15
cystic fibrosis

Jack
    $400 19
(Jack: What is madchen?)

fraulein

JackMonica
    $1,000 3
(Alex: And this is the first time, I believe, in our history that we've had all 3 contestants in the red when one of the players hits a Daily Double.)

Erie

Jack
    $600 11
bird

Mike
    $600 8
(Mike: What is a hiccup?)

a sneeze

JackMike
    $600 28
Jacqueline Kennedy

Jack
    $600 17
astronomy

Mike
    $600 20
New Year's Day

Mike
    $800 4
Buenos Aires

Triple Stumper
    $800 12
reptile

Mike
    $800 24
caller ID

Monica
    $800 29
College Bowl

Jack
    $800 18
Clara Barton

Monica
    $800 22
cream

Monica
    $1000 5
the Netherlands

Mike
    $1000 13
bird

Monica
    $1000 25
(Alex: We have a minute to go now, Monica.)

the guest of honor

Triple Stumper
    $1000 30
Marlo Thomas

Mike
    $1000 21
COBOL

Monica
    $1000 23
a one-way street

Monica

Scores at the first commercial break (after clue 15):

Jack Monica Mike
$2,000 $600 $2,600

Scores at the end of the Jeopardy! Round:

Jack Monica Mike
$3,000 $5,600 $5,400

Double Jeopardy! Round responses

U.S. GOVERNMENT
NATIONAL COATS OF ARMS
BIG SCREEN TITLE PAIRS
NEFERTITI TIME
WHAT A BODY!
"Z"OWEE!
    $400 1
pardons

Mike
    $400 19
New Zealand

Jack
    $400 2
Crimes

Monica
    $400 26
Tut

Jack
    $400 16
lip

Monica
    $400 11
Zeppelin

Jack
    $800 7
Homeland Security

Mike
    $800 20
a cross

Mike
    $800 3
Bedknobs

Monica
    $800 27
a scarab

Mike
    $800 17
the arches

Monica
    $800 12
Zapata

Monica
    $1200 8
9 states

Triple Stumper
    $1200 23
Indonesia

Mike
    $1200 4
Solomon

Jack
    $1200 28
(Monica: What is the Nile?)

the Valley of the Kings

MonicaMike
    $1200 18
DNA

Jack
    $1200 13
Zulu

Jack
    $1600 9
Rehnquist

Mike
    $2,000 24
Colombia

Mike
    $1600 5
Far

Mike
    $1600 29
(Monica: What is London?)

Berlin

Monica
Triple Stumper
    $1600 21
ultraviolet

Mike
    $1600 14
Zipporah

Triple Stumper
    $1,500 10
(Mike: What is the Budget Committee?)

the Ways and Means Committee

Mike
    $2000 25
the Caribbean Sea & the Pacific Ocean

Mike
    $2000 6
Brimstone

Jack
    $2000 30
Akhenaten

Triple Stumper
    $2000 22
(Mike: What is arrhythmia?)

tachycardia

MonicaMike
    $2000 15
Abraham Zapruder

Mike

Scores at the end of the Double Jeopardy! Round:

Jack Monica Mike
$9,800 $8,000 $17,900

[wagering suggestions for these scores]

Final Jeopardy! Round responses

INTERNATIONAL PLAYWRIGHTS
MonicaWho is Alan Paton?
$7,500
JackWho Mandela
$9,700
MikeWho is Coatzee?
$1,800
Athol Fugard

Final scores:

Jack Monica Mike
$100 $500 $16,100
3rd place: $1,000 2nd place: $2,000 New champion: $16,100

Game dynamics:

Coryat scores:

Jack Monica Mike
$9,400 $8,000 $19,000
14 R
(including 1 DD),
2 W
14 R,
3 W
24 R
(including 1 DD),
4 W
(including 1 DD)

Combined Coryat: $36,400

[game clues] [game scores] [suggest correction]

Game tape date: 2004-01-20
The J! Archive is created by fans, for fans. Scraping, republication, monetization, and malicious use prohibited; this site may use cookies and collect identifying information. See terms. The Jeopardy! game show and all elements thereof, including but not limited to copyright and trademark thereto, are the property of Jeopardy Productions, Inc. and are protected under law. This website is not affiliated with, sponsored by, or operated by Jeopardy Productions, Inc. Join the discussion at JBoard.tv.